01156nam a2200193Ia 4500001001100000003001000011008004100021040002500062041001300087100002700100245005100127250001100178260008900189300001200278500026200290501011400552520026200666650003400928L240-46296IT-CnALBA170116s9999||||xx |||||||||||||| ||und|| aIT-CnALBAcIT-CnALBA aITALIANO aPIGNA P. ARNALDO, OCD. 0aLA VITA RELIGIOSA. TEOLOGIA E SPIRITUALITÀ.  a1a ed. a ROMA FIbOCD. EDIZI. CARMEL. SCALZI c1991 [1° Ed.:1991 - Ed.Ling.Originale: 1991] a502 p.  aVITA RELIGIOSA. NOZIONI. STORIA DOPO IL CONCILIO. E CHIESA. E CARISMA. E SANTITÀ. E SEQUELA DI CRISTO. E CONSIGLI EVANGELICI. SINTESI. ISTITUZIONE E VOTI. CONSACRAZIONE. DIMENSIONE TEOLOGALE. ASCETICA. APOSTOLICA. PROFETICA. ESCATOLOGICA. MARIANA. COMUNIT aSocietà San Paolo EM - Piazza San Paolo, 14 - 12051 ALBA (CN) (non commercial uses only) ® Copyright 2017 aVITA RELIGIOSA. NOZIONI. STORIA DOPO IL CONCILIO. E CHIESA. E CARISMA. E SANTITÀ. E SEQUELA DI CRISTO. E CONSIGLI EVANGELICI. SINTESI. ISTITUZIONE E VOTI. CONSACRAZIONE. DIMENSIONE TEOLOGALE. ASCETICA. APOSTOLICA. PROFETICA. ESCATOLOGICA. MARIANA. COMUNIT aTEOLOGIA SPIRITUALE CRISTIANA